| 000 | 00859nam a22002417a 4500 | ||
|---|---|---|---|
| 003 | DO-SdBNP | ||
| 005 | 20240305091921.0 | ||
| 007 | ta | ||
| 008 | 210922b 2007 dr c 00| 0 eng d | ||
| 020 | _a9789945088045 | ||
| 040 |
_aDO-SdBNP _bspa _cBNPHU |
||
| 082 | 4 |
_aBNPHU _bS718g |
|
| 100 | 1 |
_aSoto Jiménez, José Miguel, _d1956- _980002 |
|
| 245 | 1 |
_aGeopolitikiando : _bcompendio de geopolítica para presidentes / _cJosé Miguel Soto Jiménez ; edición Juan Carlos Mieses |
|
| 260 |
_aSanto Domingo : _bV República, _c2007. |
||
| 300 |
_a514 p. : _bmap. ; _c23 cm. |
||
| 500 | _aIncluye datos biográficos del autor en las solapas | ||
| 500 | _aIncluye referencias bibliográficas y notas al pie de las páginas | ||
| 504 | _aBibliografía : p. 497-514 | ||
| 700 | 1 |
_aMieses, Juan Carlos, _d1947- _eed. _925472 |
|
| 910 | _aBtavárez | ||
| 942 |
_2ddc _cLBS1 |
||
| 999 |
_c50621 _d50621 |
||